|
|
|
|
| LEADER |
02663nam a2200661 i 4500 |
| 001 |
nkc20233536105 |
| 003 |
CZ PrNK |
| 005 |
20251019173925.0 |
| 007 |
ta |
| 008 |
230808s2023 xr ab b f 000 0 slo |
| 015 |
|
|
|a cnb003536105
|
| 020 |
|
|
|a 978-80-00-06951-7
|q (Albatros ;
|q vázáno)
|
| 035 |
|
|
|a (OCoLC)1402155398
|
| 040 |
|
|
|a BOA001
|b cze
|d ABA001
|e rda
|
| 041 |
1 |
|
|a slo
|h cze
|
| 043 |
|
|
|a e------
|a ff-----
|a aw-----
|
| 072 |
|
7 |
|a 94(3)
|x Dějiny zemí starověkého světa
|2 Konspekt
|9 8
|
| 072 |
|
7 |
|a 0/9-053.2
|x Literatura pro děti a mládež (naučná)
|2 Konspekt
|9 26
|
| 080 |
|
|
|a 316.72/.75
|2 MRF
|
| 080 |
|
|
|a 94(37)
|2 MRF
|
| 080 |
|
|
|a (37)
|2 MRF
|
| 080 |
|
|
|a (0.062)
|2 MRF
|
| 080 |
|
|
|a (084.11)
|2 MRF
|
| 080 |
|
|
|a (0.053.2)
|2 MRF
|
| 100 |
1 |
|
|a Růžička, Oldřich
|7 xx0004739
|4 aut
|
| 245 |
1 |
0 |
|a Atlas starovekého Ríma pre deti :
|b objavujte jednu z najdôležitejších civilizácií na šiestich rozkladacích mapách /
|c napísal Oldřich Růžička ; ilustroval Tomáš Tůma ; preložila Mária Haraštová
|
| 250 |
|
|
|a Prvé slovenské vydanie
|
| 264 |
|
1 |
|a V Prahe :
|b Albatros,
|c 2023
|
| 300 |
|
|
|a 12 nečíslovaných stran (na složených listech) :
|b barevné ilustrace, mapy ;
|c 27 cm
|
| 336 |
|
|
|a text
|b txt
|2 rdacontent
|
| 336 |
|
|
|a statický obraz
|b sti
|2 rdacontent
|
| 337 |
|
|
|a bez média
|b n
|2 rdamedia
|
| 338 |
|
|
|a svazek
|b nc
|2 rdacarrier
|
| 500 |
|
|
|a "Pro nakladatelství Albatros v Praze ve společnosti Albatros Media a.s. ... připravilo nakladatelství B4U Publishing"--Tiráž
|
| 500 |
|
|
|a Název z obálky
|
| 500 |
|
|
|a Přeloženo z češtiny?
|
| 500 |
|
|
|a Chronologický přehled
|
| 521 |
8 |
|
|a Pro čtenáře od 6 let
|
| 650 |
0 |
7 |
|a kultura a společnost
|7 ph122010
|z starověký Řím
|2 czenas
|
| 650 |
0 |
9 |
|a culture and society
|z ancient Rome
|2 eczenas
|
| 651 |
|
7 |
|a starověký Řím
|7 ge131512
|x dějiny
|2 czenas
|
| 651 |
|
9 |
|a ancient Rome
|x history
|2 eczenas
|
| 655 |
|
7 |
|a populárně-naučné publikace
|7 fd131864
|2 czenas
|
| 655 |
|
7 |
|a obrazové publikace
|7 fd132947
|2 czenas
|
| 655 |
|
7 |
|a publikace pro děti
|7 fd133156
|2 czenas
|
| 655 |
|
9 |
|a popular works
|2 eczenas
|
| 655 |
|
9 |
|a pictorial works
|2 eczenas
|
| 655 |
|
9 |
|a children's literature
|2 eczenas
|
| 700 |
1 |
|
|a Tůma, Tomáš,
|d 1974-
|7 mzk2003203302
|4 ill
|
| 700 |
1 |
|
|a Haraštová, Mária
|7 av20251273624
|4 trl
|
| 910 |
2 |
|
|a BOA001
|b 3-1510.777
|
| 928 |
9 |
|
|a Albatros Media - Albatros
|
| 928 |
9 |
|
|a B4U Publishing
|
| 928 |
9 |
|
|a Albatros Media - B4U Publishing
|
| 990 |
|
|
|a BK
|
| 995 |
|
|
|a 01
|
| 991 |
|
|
|b 202308
|c NOV
|
| 996 |
6 |
|
|b 2610945929
|c 3-1510.777
|l MZK
|r Sklad / do 1 hodiny
|n 0
|p p.v.
|w 001935152
|u 000010
|a 1
|e BOA001
|j MZK50
|s P
|